000 00461nam a2200193Ia 4500
005 20240823045846.0
008 240823s9999||||xx |||||||||||||| ||und||
020 _a978-81-8094-055-2
041 _aENGLISH
082 _A303.307 P9
100 _aAllakka N D
245 0 _aPeer Management
250 _a1st
260 _c2009
_b"MJP Publishers,Ch"
_aChennai
500 _aYES
650 _aManagement
_bManagement Studies
942 _cBK
999 _c215926
_d215926